Movies by Steve Carell - Statistics

General Stats
  • This quiz has been taken 5 times
  • The average score is 25 of 44
Answer Stats
Picture Hint Answer % Correct
2010 Despicable Me
100%
2013 Despicable Me 2
100%
2017 Despicable Me 3
100%
2024 Despicable Me 4
100%
2013 Minions
100%
2022 Minions: The Rise of Gru
100%
2014 Anchorman 2: The Legend Continues
80%
2004 Anchorman: The Legend of Ron Burgundy
80%
2007 Evan Almighty
80%
2008 Get Smart
80%
2006 Over the Hedge
80%
2005 The 40 Year Old Virgin
80%
2017 Battle of the Sexes
60%
2018 Beautiful Boy
60%
2003 Bruce Almighty
60%
2011 Crazy, Stupid, Love.
60%
2007 Dan in Real Life
60%
2010 Dinner for Schmucks
60%
2008 Horton Hears a Who!
60%
2024 IF
60%
2006 Little Miss Sunshine
60%
2015 The Big Short
60%
2013 The Way Way Back
60%
2018 Vice
60%
2014 Alexander and the Terrible, Horrible, No Good, Very Bad Day
40%
2023 Asteroid City
40%
2005 Bewitched
40%
2016 Café Society
40%
1991 Curly Sue
40%
2010 Date Night
40%
2013 Foxcatcher
40%
2015 Freeheld
40%
2012 Hope Springs
40%
2020 Irresistible
40%
2017 Last Flag Flying
40%
2004 Melinda and Melinda
40%
2025 Mountainhead
40%
2012 Seeking a Friend for the End of the World
40%
2004 Sleepover
40%
2013 The Incredible Burt Wonderstone
40%
2018 Welcome to Marwen
40%
1998 Homegrown
20%
2007 Knocked Up
20%
2007 Stories USA
20%
No matching quizzes found
Score Distribution
Percent of People with Each Score
Percentile by Number Answered
Your Score History
You have not taken this quiz